| 000 | 01345nam0a22003371 4500 | ||
|---|---|---|---|
| 001 | RU\NLR\A2\4098 | ||
| 005 | 20260407102408.0 | ||
| 035 | _a(NLR Aleph) 009857620 | ||
| 090 |
_a10371032 _c10371032 |
||
| 100 | _a19960704d1789 u y0rusy50 ca | ||
| 101 | 0 | _alat | |
| 102 | _aRU | ||
| 200 | 1 | _aOratio in auspiciis imperii suscepti a Catharina II. totius Russiae autocratore sapientissima piissima felicissima ab Universitate Mosquensi rite ac pie celebrandis d. 30 Jun. A. C. 1789 dicta a Theodoro Bause ... Societat. Oeconom. Petrop. et Latinae Ienensis sodali | |
| 210 |
_aMosquae [Moskva] _cTypis Universitatis, per Svetuschkin _d1789 |
||
| 215 |
_a15 c. _d4° |
||
| 321 | 1 | _aСК XVIII(ин.) 271 | |
| 600 | 0 |
_6z01690 _aEkaterina _cимп. _dII _f1729-1796 |
|
| 620 | _dMoskva | ||
| 690 | 0 |
_6z01600 _aCatharina _dII |
|
| 700 | 1 |
_6a02700 _aBause _bT. _f1752-1812 _gTheodor _4070 |
|
| 700 | 1 |
_6a02700 _aБаузе _bФ.Г. _f1752-1812 _gФедор Григорьевич _4070 _7ca |
|
| 702 | 1 |
_6z03790 _aSvetuškin _bA.A. _f-1789 _gAleksandr Artamonovič _4610 |
|
| 712 | 0 | 1 |
_4610 _8lat _aMosqua _bUniversitas _bTypographia _7ba _3RU\NLR\AUTH\889930224 _9356034 |
| 790 | 1 |
_6z03702 _aSvetuschkin _4610 |
|
| 801 | 0 |
_aRU _bNLR _c19960704 |
|
| 852 |
_aNLR _bRossica _j13.9.2.643 |
||
| 942 | _cBOOK | ||
| 980 | _aNB | ||
| 980 | _aRossica | ||
| 980 | _ain18 | ||